000 00543nam a22001817a 4500
005 20250113170234.0
010 _aENG-143337
020 _a9788182473607
_c695.00
035 _aEN-126869
037 _bDBAD
082 _a372.21
100 _aSharma, G.D
_976505
245 _aWomen and Child Education/
_cby G.D Sharma
260 _aPanchkula
_bDelhi Book Bureau
_c2012
270 _aSCO 43, Ist Floor, Swastick Vihar, MDC Complex,
_bPanchkula
_e134113
300 _a223p.
_c22cm(Hb)
942 _2ddc
_cEN
_h372.21
_mSHA
999 _c208451
_d208451